| 000 | 00549nam a2200217Ia 4500 | ||
|---|---|---|---|
| 003 | OSt | ||
| 005 | 20220924134109.0 | ||
| 006 | a|||||r|||| 00| 0 | ||
| 007 | ta | ||
| 008 | 220923b |||||||| |||| 00| 0 snd d | ||
| 024 | _a272155 | ||
| 037 | _cTextual | ||
| 040 |
_aARTS _cARTS _bsnd |
||
| 041 |
_2snd _asnd |
||
| 082 | _aO1593m2:N56, K6.6 | ||
| 100 |
_aDou Dani _9208061 |
||
| 245 | 0 | _aYersh -ja Supana derti -je uljan | |
| 260 | _c1966 | ||
| 942 |
_hO1593m2:N56, K6.6 _cTEXL _2CC |
||
| 999 |
_c436370 _d436370 |
||